| 000 | 00434cam a2200181ua 4500 | ||
|---|---|---|---|
| 020 | _c6.50 | ||
| 041 |
_aeng _h |
||
| 082 |
_a589.3 _bCHO/CL |
||
| 100 | _aChopra , G L. | ||
| 245 |
_aClass book of algae / _cG L Chopra. _hTextual Documents |
||
| 250 |
_a10 / _b. |
||
| 260 |
_a : _bS Nagin & Co. Educational publishers , _c1966. |
||
| 300 | _a292 ; . | ||
| 365 | _a6.50 | ||
| 504 | _a | ||
| 942 | _cBK | ||
| 999 |
_c7286 _d7286 |
||